[Event "Japfa GM 2015"]
[Site "Jakarta INA"]
[Date "2015.04.20"]
[Round "8.2"]
[White "Sukandar, Irine Kharisma"]
[Black "Ali, Muhammad Lutfi"]
[Result "1-0"]
[WhiteTitle "IM"]
[BlackTitle "FM"]
[WhiteElo "2415"]
[BlackElo "2401"]
[WhiteFideId "7101937"]
[BlackFideId "7103743"]
[EventDate "2015.04.15"]

1. e4 g6 2. d4 Bg7 3. Nf3 d6 4. h3 Nd7 5. Bd3 a6 6. O-O e5 7. dxe5 dxe5 8. Qe2
Ngf6 9. a4 O-O 10. Rd1 Nh5 11. Bc4 Nf4 12. Bxf4 exf4 13. e5 Qe8 14. Re1 Nb6 15.
Nc3 Be6 16. Bxe6 fxe6 17. a5 Nd7 18. Qc4 c6 19. Re4 Rf5 20. Rae1 Qf7 21. Na4 g5
22. Nb6 Re8 23. Qd4 Nxb6 24. Qxb6 Qe7 25. Rd1 h5 26. Red4 Rf7 27. Rd8 Rxd8 28.
Qxd8+ Qxd8 29. Rxd8+ Rf8 30. Rd7 g4 31. hxg4 hxg4 32. Nh2 Bxe5 33. Nxg4 Bxb2 34.
Rxb7 Bd4 35. Rc7 Rb8 36. Rxc6 Rb1+ 37. Kh2 Rb2 38. f3 Kf7 39. Rc4 Be3 40. Rc7+
Kg6 41. Ne5+ Kf6 42. Ng4+ Kf5 43. Rc3 Bd4 44. Rc4 e5 45. Rc6 Ra2 46. Nh6+ Kg5
47. Nf7+ Kf5 48. c3 Bf2 49. Nd6+ Ke6 50. Ne4+ Kd5 51. Rxa6 Be3 52. Rd6+ Kc4 53.
a6 Ra1 54. Kh3 Rh1+ 55. Kg4 Rg1 56. Kf5 Rxg2 57. Kxe5 Ra2 58. Rc6+ Kd3 59. c4
Ra5+ 60. Kf6 Ke2 61. Ng5 Bd4+ 62. Kg6 Kd3 63. Kh5 Ra4 64. Ne6 Be3 65. Nd8 Ke2
66. Kg4 Ra1 67. Ne6 Rg1+ 68. Kf5 Kxf3 69. c5 Ra1 70. Rb6 Ra5 71. Rb3 Kf2 72. a7
Rxa7 73. c6 Ra5+ 74. Kg4 Ra4 75. Rb2+ Ke1 76. c7 Rc4 77. Kf3 Rc3 78. Rb3 Rxb3
79. c8=Q Bd2+ 80. Kg4 Rg3+ 81. Kh4 Rc3 82. Qa6 f3 83. Nd4 Kf2 84. Qa2 Rd3 85.
Qc4 Re3 86. Qc2 Kg2 87. Qxd2+ f2 88. Nf5 Re4+ 89. Kg5 Re5 90. Kg4 Rxf5 91. Kxf5
Kg1 92. Kg4 Kh1 93. Qd1+ Kg2 94. Qe2 Kg1 95. Kg3 1-0

[Event "Japfa GM 2015"]
[Site "Jakarta INA"]
[Date "2015.04.20"]
[Round "8.3"]
[White "Purnama, Tirta Chandra"]
[Black "L'Ami, Alina"]
[Result "1-0"]
[WhiteTitle "IM"]
[BlackTitle "IM"]
[WhiteElo "2393"]
[BlackElo "2393"]
[WhiteFideId "7101422"]
[BlackFideId "1210246"]
[EventDate "2015.04.15"]

1. Nf3 Nf6 2. d4 g6 3. c4 Bg7 4. Nc3 d6 5. Bf4 O-O 6. h3 c5 7. d5 b5 8. cxb5 a6
9. bxa6 Bxa6 10. g3 Nbd7 11. Bg2 Nb6 12. O-O Ne8 13. Re1 Nc4 14. Qc1 Rb8 15. Rb1
Qa5 16. Bh6 Nc7 17. Bxg7 Kxg7 18. Nd2 Ne5 19. Qc2 Rb4 20. Rec1 e6 21. a3 Rbb8
22. b4 cxb4 23. axb4 Rxb4 24. Ra1 Qc5 25. dxe6 fxe6 26. Nce4 Qxc2 27. Rxc2 Nc4
28. Nxc4 Rxc4 29. Rxc4 Bxc4 30. Ra7 1-0

[Event "Japfa GM 2015"]
[Site "Jakarta INA"]
[Date "2015.04.20"]
[Round "8.4"]
[White "Nguyen, Anh Dung"]
[Black "Gopal, G.N."]
[Result "1/2-1/2"]
[WhiteTitle "GM"]
[BlackTitle "GM"]
[WhiteElo "2461"]
[BlackElo "2575"]
[WhiteFideId "12400025"]
[BlackFideId "5015693"]
[EventDate "2015.04.15"]

1. d4 Nf6 2. c4 g6 3. Nc3 d5 4. Bf4 Bg7 5. e3 O-O 6. Rc1 Be6 7. cxd5 Nxd5 8.
Nxd5 Qxd5 9. a3 Qa5+ 10. Qd2 Qxd2+ 11. Kxd2 c6 12. Bc4 Bxc4 13. Rxc4 Nd7 14. Nf3
Rfd8 15. Ke2 c5 16. dxc5 Bxb2 17. Rd1 e5 18. Bg3 Bxa3 19. c6 bxc6 20. Bxe5 Nxe5
21. Rxd8+ Rxd8 22. Nxe5 Rd5 23. Nxc6 Rc5 24. Kd3 a6 25. Rxc5 Bxc5 26. Kc4 Bd6
27. h3 h5 28. Nb4 a5 29. Nd5 a4 30. Nc3 a3 31. Kb3 Kg7 32. Nb5 Bh2 1/2-1/2

[Event "Japfa GM 2015"]
[Site "Jakarta INA"]
[Date "2015.04.20"]
[Round "8.5"]
[White "Milliet, Sophie"]
[Black "Sean, Winshand Cuhendi"]
[Result "0-1"]
[WhiteTitle "IM"]
[BlackTitle "IM"]
[WhiteElo "2377"]
[BlackElo "2428"]
[WhiteFideId "623725"]
[BlackFideId "7101554"]
[EventDate "2015.04.15"]

1. e4 c5 2. Nf3 e6 3. d4 cxd4 4. Nxd4 Nc6 5. Nc3 Qc7 6. Be3 a6 7. Be2 Nf6 8. O-O
Bb4 9. Nxc6 Bxc3 10. bxc3 bxc6 11. Bd3 O-O 12. Bg5 Qe5 13. f4 Qxc3 14. Kh1 d5
15. exd5 Nxd5 16. Rf3 Qc5 17. Bxh7+ Kxh7 18. Rh3+ Kg8 19. Qh5 f6 20. Qh7+ Kf7
21. Bh6 Rg8 22. Rg3 Qf8 23. Qg6+ Ke7 24. c4 Bd7 25. Bxg7 Qf7 26. Qh6 Nxf4 27.
Rd1 Nh5 28. Rgd3 Rad8 29. Qd2 Ke8 30. Bh6 e5 31. Be3 Rg7 32. Rd6 Rh7 33. Kg1 Rg7
34. Kh1 Rb8 35. Qe2 Qg6 36. Qd2 Rb1 37. Qf2 Rxd1+ 38. Rxd1 Bh3 39. Rg1 Qe4 40.
Bh6 Rb7 41. Qf1 Rh7 42. Qc1 Be6 43. Rd1 Qg6 44. Qd2 Qxh6 45. Qd8+ Kf7 46. Qc7+
Kg6 47. Qxc6 Ng3+ 48. Kg1 Qe3# 0-1

[Event "Japfa GM 2015"]
[Site "Jakarta INA"]
[Date "2015.04.20"]
[Round "8.6"]
[White "Antonio, Rogelio Jr"]
[Black "Tiviakov, Sergei"]
[Result "1-0"]
[WhiteTitle "GM"]
[BlackTitle "GM"]
[WhiteElo "2504"]
[BlackElo "2662"]
[WhiteFideId "5200032"]
[BlackFideId "1008013"]
[EventDate "2015.04.15"]

1. e4 c5 2. Nf3 d6 3. Bb5+ Nc6 4. O-O Bd7 5. Re1 Nf6 6. c3 a6 7. Bf1 Bg4 8. h3
Bxf3 9. Qxf3 g6 10. d3 Bg7 11. Be3 O-O 12. Nd2 Nd7 13. Qd1 e5 14. Nf3 Re8 15. g3
h6 16. Bg2 Nf6 17. Nh2 Kh7 18. Ng4 Ng8 19. Bd2 Rb8 20. a4 Qd7 21. a5 f5 22. exf5
gxf5 23. Ne3 Nge7 24. Nd5 Nxd5 25. Bxd5 Ne7 26. Bf7 Rf8 27. Qh5 Rbd8 28. f4 Rxf7
29. Qxf7 Rf8 30. Qh5 Ng6 31. Qf3 Qb5 32. Qd5 Qxb2 33. Ra2 Qb5 34. Kh2 Rf6 35.
Raa1 exf4 36. gxf4 Nh4 37. Rg1 Qd7 38. Be1 Ng6 39. Rb1 Rf7 40. Bd2 Nh4 41. Rg3
Re7 42. Kh1 Qa4 43. Qxd6 Rf7 44. Qe6 Rc7 45. Rbg1 Qxa5 46. Rxg7+ Rxg7 47. Rxg7+
Kxg7 48. Qe7+ Kg6 49. Qxh4 Qb5 50. Qg3+ Kf7 51. Qf3 a5 52. Qd5+ Ke8 53. Qe6+ Kd8
54. c4 Qb1+ 55. Qe1 Qxd3 56. Bxa5+ Kd7 57. Qd2 Qxd2 58. Bxd2 Kc6 59. Kg2 b5 60.
cxb5+ Kxb5 61. Kf3 1-0

[Event "Japfa GM 2015"]
[Site "Jakarta INA"]
[Date "2015.04.21"]
[Round "9.1"]
[White "Tiviakov, Sergei"]
[Black "Aulia, Medina Warda"]
[Result "1-0"]
[WhiteTitle "GM"]
[BlackTitle "WGM"]
[WhiteElo "2662"]
[BlackElo "2404"]
[WhiteFideId "1008013"]
[BlackFideId "7101570"]
[EventDate "2015.04.15"]

1. e4 e6 2. d4 d5 3. Nd2 Nf6 4. e5 Nfd7 5. c3 c5 6. Bd3 Nc6 7. Ne2 cxd4 8. cxd4
f6 9. exf6 Nxf6 10. O-O Bd6 11. Nf3 Qc7 12. Bg5 O-O 13. Rc1 h6 14. Bd2 Ne4 15.
Be3 Bd7 16. Ng3 Nxg3 17. hxg3 Rf6 18. Nh2 e5 19. dxe5 Bxe5 20. b4 a6 21. a4 Qd8
22. Ng4 Bxg4 23. Qxg4 a5 24. b5 Nb4 25. Bb1 Bb2 26. Rcd1 Qc8 27. Qe2 Bc3 28. Rc1
b6 29. Rfd1 Re6 30. Bf5 Rxe3 31. Qxe3 Qxf5 32. Rxc3 Qf6 33. Rc7 Qg6 34. Rb7 Re8
35. Rxb6 Qf7 36. Qf4 Qh5 37. g4 Qh4 38. Rb8 1-0

[Event "Japfa GM 2015"]
[Site "Jakarta INA"]
[Date "2015.04.21"]
[Round "9.2"]
[White "Sean, Winshand Cuhendi"]
[Black "Antonio, Rogelio Jr"]
[Result "1-0"]
[WhiteTitle "IM"]
[BlackTitle "GM"]
[WhiteElo "2428"]
[BlackElo "2504"]
[WhiteFideId "7101554"]
[BlackFideId "5200032"]
[EventDate "2015.04.15"]

1. e4 c6 2. d4 d5 3. Nc3 dxe4 4. Nxe4 Nf6 5. Nxf6+ exf6 6. c3 Bd6 7. Bd3 O-O 8.
Qc2 Re8+ 9. Ne2 h6 10. O-O Qc7 11. Ng3 Nd7 12. Be3 Nf8 13. Rfe1 Bg4 14. h3 Bxg3
15. hxg4 Bh2+ 16. Kh1 Bf4 17. Bd2 g6 18. Rxe8 Rxe8 19. Re1 Rd8 20. Bc4 Bxd2 21.
Qxd2 Kg7 22. Qe3 Ne6 23. Qf3 Qd6 24. Re3 Re8 25. Kg1 Nc7 26. Rxe8 Nxe8 27. Qe4
Qd8 28. Bb3 Nd6 29. Qe2 Qe8 30. Qxe8 Nxe8 31. Kf1 Nd6 32. Bc2 Kf8 33. Ke2 Ke7
34. Bd3 Ne8 35. c4 Ng7 36. Ke3 h5 37. gxh5 Nxh5 38. b4 f5 39. a4 1-0

[Event "Japfa GM 2015"]
[Site "Jakarta INA"]
[Date "2015.04.21"]
[Round "9.3"]
[White "Gopal, G.N."]
[Black "Milliet, Sophie"]
[Result "1/2-1/2"]
[WhiteTitle "GM"]
[BlackTitle "IM"]
[WhiteElo "2575"]
[BlackElo "2377"]
[WhiteFideId "5015693"]
[BlackFideId "623725"]
[EventDate "2015.04.15"]

1. e4 e5 2. Nf3 Nc6 3. Bb5 a6 4. Ba4 Nf6 5. O-O Be7 6. d3 b5 7. Bb3 O-O 8. Nc3
d6 9. a3 Be6 10. Nd5 Nd4 11. Nxd4 exd4 12. Nxf6+ Bxf6 13. Bxe6 fxe6 14. f4 e5
15. f5 c5 16. Rf3 Rc8 17. Rh3 Qe8 18. Bd2 c4 19. Kh1 Qf7 20. g4 Qe7 21. Qe2 Bg5
22. c3 Bxd2 23. Qxd2 Qb7 24. Re1 dxc3 25. bxc3 d5 26. dxc4 dxe4 27. Qd5+ Qxd5
28. cxd5 Rfd8 29. Rxe4 Rxd5 30. Rhe3 Rdc5 31. a4 Rxc3 1/2-1/2

[Event "Japfa GM 2015"]
[Site "Jakarta INA"]
[Date "2015.04.21"]
[Round "9.4"]
[White "L'Ami, Alina"]
[Black "Nguyen, Anh Dung"]
[Result "0-1"]
[WhiteTitle "IM"]
[BlackTitle "GM"]
[WhiteElo "2393"]
[BlackElo "2461"]
[WhiteFideId "1210246"]
[BlackFideId "12400025"]
[EventDate "2015.04.15"]

1. d4 Nf6 2. c4 e6 3. Nc3 Bb4 4. Qc2 d6 5. e3 O-O 6. Be2 e5 7. d5 c6 8. dxc6
Nxc6 9. Nf3 Bxc3+ 10. Qxc3 Ne4 11. Qa3 a5 12. Bd2 Bg4 13. Rd1 f5 14. h3 Bh5 15.
Bc3 Qe7 16. Qb3 Nc5 17. Qc2 e4 18. Nd4 Bxe2 19. Qxe2 Nd3+ 20. Kf1 f4 21. Nxc6
bxc6 22. exf4 Nxf4 23. Qe3 Rf7 24. Kg1 Raf8 25. Kh2 Nxg2 26. Kxg2 Rf3 27. Qd4
Qg5+ 28. Kf1 e3 29. Qxg7+ Qxg7 30. Bxg7 Rxf2+ 31. Ke1 Kxg7 32. Rg1+ Kf6 33. Rg3
Rd8 34. Rxe3 Rxb2 35. a3 d5 36. Rd4 Kf5 37. cxd5 cxd5 38. Rh4 Rd7 39. Rh5+ Kf4
40. Ree5 d4 41. Rhf5+ Kg3 42. Rg5+ Kh2 43. Rxa5 h6 44. Rge5 d3 45. Rad5 Rg7 46.
Kd1 Rg1+ 0-1

[Event "Japfa GM 2015"]
[Site "Jakarta INA"]
[Date "2015.04.21"]
[Round "9.5"]
[White "Ali, Muhammad Lutfi"]
[Black "Purnama, Tirta Chandra"]
[Result "1-0"]
[WhiteTitle "FM"]
[BlackTitle "IM"]
[WhiteElo "2401"]
[BlackElo "2393"]
[WhiteFideId "7103743"]
[BlackFideId "7101422"]
[EventDate "2015.04.15"]

1. e4 c5 2. Nf3 e6 3. g3 Nc6 4. Bg2 e5 5. O-O g6 6. Nc3 Bg7 7. d3 Nge7 8. a3 d6
9. Be3 O-O 10. Nd2 Rb8 11. b4 b6 12. Rb1 Be6 13. Nd5 h6 14. b5 Bxd5 15. exd5 Nd4
16. Nc4 Kh7 17. Bd2 Ndf5 18. Ne3 a6 19. a4 axb5 20. Rxb5 Qc7 21. c3 Nxe3 22.
fxe3 c4 23. dxc4 Qxc4 24. Qb3 Qxb3 25. Rxb3 f5 26. Rfb1 e4 27. c4 Ra8 28. Rxb6
Rxa4 29. Rxd6 Rxc4 30. Rd7 Nc8 31. Rbb7 Rg8 32. Bf1 Rc2 33. Bb4 Kh8 34. d6 g5
35. Rxg7 Rxg7 36. Rxg7 Nxd6 37. Rg6 Nc4 38. Bxc4 Rxc4 39. Bf8 Rc1+ 40. Kf2 Rc2+
41. Ke1 h5 42. Rxg5 Rxh2 43. Rxf5 h4 44. Rh5+ Kg8 45. Rxh4 Rxh4 46. gxh4 Kxf8
47. Kd2 Kf7 48. Kc3 Ke6 49. Kd4 Kf5 50. Kd5 Kg4 51. Kxe4 Kxh4 52. Kf5 1-0

[Event "Japfa GM 2015"]
[Site "Jakarta INA"]
[Date "2015.04.21"]
[Round "9.6"]
[White "Farid, Firman Syah"]
[Black "Sukandar, Irine Kharisma"]
[Result "1-0"]
[WhiteTitle "IM"]
[BlackTitle "IM"]
[WhiteElo "2422"]
[BlackElo "2415"]
[WhiteFideId "7102526"]
[BlackFideId "7101937"]
[EventDate "2015.04.15"]

1. d4 Nf6 2. c4 e6 3. Nc3 Bb4 4. e3 b6 5. Bd3 Bb7 6. Nf3 O-O 7. O-O d5 8. cxd5
exd5 9. Ne5 Bd6 10. b3 a6 11. Bb2 Nbd7 12. f4 Ne4 13. Rc1 Qe7 14. Qh5 Ndf6 15.
Qh4 Rac8 16. g4 Nxc3 17. Rxc3 c5 18. Bf5 cxd4 19. g5 Nh5 20. Rxc8 Bxc8 21. Bxc8
Rxc8 22. Qxh5 Bxe5 23. fxe5 dxe3 24. Bd4 e2 25. Qxe2 Qxg5+ 26. Qg2 Qh4 27. Qxd5
Qe7 28. Bxb6 1-0

[Event "Japfa GM 2015"]
[Site "Jakarta INA"]
[Date "2015.04.21"]
[Round "10.1"]
[White "Aulia, Medina Warda"]
[Black "Sukandar, Irine Kharisma"]
[Result "1-0"]
[WhiteTitle "WGM"]
[BlackTitle "IM"]
[WhiteElo "2404"]
[BlackElo "2415"]
[WhiteFideId "7101570"]
[BlackFideId "7101937"]
[EventDate "2015.04.15"]

1. e4 e5 2. Nf3 Nc6 3. Bc4 Bc5 4. c3 Nf6 5. d3 a6 6. Bb3 d6 7. O-O O-O 8. Be3
Bxe3 9. fxe3 Na5 10. Nbd2 Qe7 11. Qe1 Nxb3 12. axb3 Be6 13. b4 Rad8 14. d4 Bg4
15. Nh4 Rde8 16. Qg3 Bd7 17. Rae1 Nh5 18. Qf2 g6 19. Nhf3 Ng7 20. Qe2 Kh8 21.
Qd3 f5 22. dxe5 dxe5 23. Qc2 fxe4 24. Qxe4 Bf5 25. Qc4 Be6 26. Qc5 Qxc5 27. bxc5
Bg8 28. b4 Re7 29. Ne4 Bc4 30. Rf2 Rd8 31. Rd2 Rf8 32. Red1 Bb3 33. Rd8 Ne6 34.
R1d7 Rxd8 35. Rxe7 Rd1+ 36. Kf2 Rc1 37. Nf6 Nf8 38. Nxe5 Be6 39. Nf7+ Kg7 40.
Ne8+ Kg8 41. Ng5 Rc2+ 42. Kg3 Rxc3 43. Nf6+ Kh8 44. Ngxh7 Rxe3+ 45. Kf4 1-0

[Event "Japfa GM 2015"]
[Site "Jakarta INA"]
[Date "2015.04.21"]
[Round "10.2"]
[White "Purnama, Tirta Chandra"]
[Black "Farid, Firman Syah"]
[Result "1/2-1/2"]
[WhiteTitle "IM"]
[BlackTitle "IM"]
[WhiteElo "2393"]
[BlackElo "2422"]
[WhiteFideId "7101422"]
[BlackFideId "7102526"]
[EventDate "2015.04.15"]

1. d4 d5 2. Nf3 Nf6 3. c4 c6 4. cxd5 cxd5 5. Nc3 Nc6 6. Bf4 Bf5 7. e3 e6 8. Bd3
Bxd3 9. Qxd3 Bd6 10. Bxd6 Qxd6 11. O-O O-O 12. Rac1 Rfc8 13. a3 a6 14. h3 h6 15.
Rc2 Rc7 16. Rfc1 Rac8 17. Ne2 Ne7 18. Rxc7 Rxc7 19. Rxc7 Qxc7 20. Qc3 Qxc3 21.
Nxc3 Nc6 22. Kf1 Kf8 23. Ke2 Ke7 24. Kd3 Kd6 25. g4 g5 26. b4 Nd7 27. Nd2 f6 28.
f3 b6 29. Nf1 Ne7 30. Ng3 Ng6 31. Ke2 Ke7 32. Kd3 Kd6 33. Ke2 Ke7 34. Kd3 1/2-1/2

[Event "Japfa GM 2015"]
[Site "Jakarta INA"]
[Date "2015.04.21"]
[Round "10.3"]
[White "Nguyen, Anh Dung"]
[Black "Ali, Muhammad Lutfi"]
[Result "1/2-1/2"]
[WhiteTitle "GM"]
[BlackTitle "FM"]
[WhiteElo "2461"]
[BlackElo "2401"]
[WhiteFideId "12400025"]
[BlackFideId "7103743"]
[EventDate "2015.04.15"]

1. d4 Nf6 2. c4 g6 3. Nc3 d5 4. Bf4 Bg7 5. e3 O-O 6. Rc1 Be6 7. Qb3 c5 8. Qxb7
Qb6 9. Qxb6 axb6 10. dxc5 bxc5 11. Nf3 Nc6 12. cxd5 Nxd5 13. Nxd5 Bxd5 14. Rxc5
e6 15. Bc4 Nb4 16. O-O Bxb2 17. Rb1 Ba3 18. Bxd5 Nxd5 19. Rc2 Nxf4 20. exf4 Rfc8
21. Re2 Ra4 22. g3 Rca8 23. Rb7 Bc5 24. Rc2 R8a5 25. Rbb2 Kg7 26. Kg2 h5 27. Rd2
Ra7 28. Rbc2 Be7 29. Ne5 Bf6 30. Nc4 Be7 31. Nb6 Ra3 32. Rd7 Rxd7 33. Nxd7 h4
34. Ne5 hxg3 35. hxg3 Bf6 36. Nc4 Ra6 37. Kf3 g5 38. fxg5 Bxg5 39. Ke4 Bf6 40.
Kd3 Kg6 41. f3 Bg7 42. Re2 e5 43. Ke4 Ra4 44. Kd5 Ra8 45. g4 f5 46. Rg2 fxg4 47.
Rxg4+ Kh7 48. Rg2 Rd8+ 49. Ke6 Re8+ 50. Kd5 Rd8+ 51. Kc6 Rf8 52. Rf2 Rc8+ 53.
Kd5 Rd8+ 54. Ke6 Re8+ 55. Kd7 Ra8 56. Nd6 Ra3 57. Ke6 Ra6 58. Rh2+ Kg6 59. Rg2+
Kh7 60. Rh2+ Kg6 61. Rd2 Kg5 62. Rg2+ Kf4 63. Rxg7 Kxf3 64. Rf7+ Kg2 65. Kxe5
Rxa2 66. Ne4 Ra5+ 67. Kf4 Ra4 68. Rb7 Ra8 69. Rb2+ Kf1 70. Rc2 Rf8+ 71. Ke3 Ra8
72. Ng3+ Kg1 73. Nf5 Kf1 74. Ng3+ Kg1 75. Ne4 Ra3+ 76. Kf4 Ra8 77. Ng5 Kf1 78.
Ke5 1/2-1/2

[Event "Japfa GM 2015"]
[Site "Jakarta INA"]
[Date "2015.04.21"]
[Round "10.4"]
[White "Milliet, Sophie"]
[Black "L'Ami, Alina"]
[Result "1/2-1/2"]
[WhiteTitle "IM"]
[BlackTitle "IM"]
[WhiteElo "2377"]
[BlackElo "2393"]
[WhiteFideId "623725"]
[BlackFideId "1210246"]
[EventDate "2015.04.15"]

1. e4 e6 2. d4 d5 3. exd5 exd5 4. Bf4 Bd6 5. Bxd6 Qxd6 6. c3 c6 7. Bd3 Nf6 8.
Qe2+ Qe6 9. Qxe6+ Bxe6 10. Nf3 Nbd7 11. Nbd2 O-O 12. O-O Rfe8 13. Rfe1 Bg4 14.
Rxe8+ Rxe8 15. Re1 Rxe1+ 16. Nxe1 Bh5 17. f3 Kf8 18. Kf2 Ke7 19. Nc2 Bg6 20. Ke3
Bxd3 21. Kxd3 Ne8 22. Ne3 Nd6 23. b3 Ke6 24. Ndf1 Nf5 25. Nxf5 Kxf5 26. g3 Ke6
27. Ne3 g6 28. Ng2 Kd6 29. Ke3 Ke6 30. Nf4+ Kd6 31. Nd3 1/2-1/2

[Event "Japfa GM 2015"]
[Site "Jakarta INA"]
[Date "2015.04.21"]
[Round "10.5"]
[White "Antonio, Rogelio Jr"]
[Black "Gopal, G.N."]
[Result "1/2-1/2"]
[WhiteTitle "GM"]
[BlackTitle "GM"]
[WhiteElo "2504"]
[BlackElo "2575"]
[WhiteFideId "5200032"]
[BlackFideId "5015693"]
[EventDate "2015.04.15"]

1. e4 c5 2. c3 Nf6 3. e5 Nd5 4. Nf3 e6 5. Bc4 d6 6. d4 cxd4 7. cxd4 Be7 8. O-O
O-O 9. Qe2 Nc6 10. Rd1 Qc7 11. a3 dxe5 12. dxe5 Rd8 13. Bd2 b6 14. Nc3 Nxc3 15.
Bxc3 Rxd1+ 16. Rxd1 Bb7 17. Ba6 h6 18. Bxb7 Qxb7 19. Qe4 Qc7 20. g3 Rd8 21.
Rxd8+ Bxd8 22. Nd4 Nxd4 23. Qxd4 Be7 24. Bb4 Bxb4 25. axb4 Qc1+ 26. Kg2 Qc6+ 27.
Kg1 Qc1+ 28. Kg2 Qc6+ 29. Kg1 Qc1+ 1/2-1/2

[Event "Japfa GM 2015"]
[Site "Jakarta INA"]
[Date "2015.04.21"]
[Round "10.6"]
[White "Tiviakov, Sergei"]
[Black "Sean, Winshand Cuhendi"]
[Result "1/2-1/2"]
[WhiteTitle "GM"]
[BlackTitle "IM"]
[WhiteElo "2662"]
[BlackElo "2428"]
[WhiteFideId "1008013"]
[BlackFideId "7101554"]
[EventDate "2015.04.15"]

1. e4 c5 2. Nf3 e6 3. c3 d5 4. exd5 Qxd5 5. d4 Nf6 6. Na3 Qd8 7. Nc4 Nc6 8. Nce5
cxd4 9. Bb5 Qd5 10. c4 Qe4+ 11. Kf1 d3 12. Be3 Bd7 13. Nxf7 Rg8 14. N7g5 Qf5 15.
Bxc6 Bxc6 16. Nd4 Qg6 17. Nxc6 bxc6 18. Nxe6 Bd6 19. Qf3 Ne4 20. Nf4 Bxf4 21.
Bxf4 O-O-O 22. Rd1 Rge8 23. g3 Qe6 24. h4 h6 25. h5 Ng5 26. Bxg5 hxg5 27. Kg2 g4
28. Qf4 Rf8 29. Qe3 Qxc4 30. Rhe1 Qd5+ 31. Qe4 Rf5 32. Qxd5 Rfxd5 33. Re4 R8d7
34. Rxg4 Rxh5 35. Rd2 Kc7 36. Kf3 Rhd5 37. Ke3 c5 38. b3 Kc6 39. Re4 g5 40. f3
Kb5 41. Kf2 Rh7 42. Kg2 Rh6 43. Kf1 Rh1+ 44. Kf2 Rh6 45. Ke3 Rhd6 46. Re7 Kb4
47. Re4+ Kb5 48. g4 a6 49. Kf2 Rh6 50. Kg2 Rhd6 51. Kf1 Rh6 52. Kf2 Rf6 53. Rc4
Rh6 54. Kg3 Rhd6 55. Rc1 Rd4 56. Kf2 Kb4 57. Ke3 Re6+ 58. Kf2 Red6 59. Ke3 Re6+
60. Kf2 Red6 1/2-1/2

[Event "Japfa GM 2015"]
[Site "Jakarta INA"]
[Date "2015.04.22"]
[Round "11.1"]
[White "Sean, Winshand Cuhendi"]
[Black "Aulia, Medina Warda"]
[Result "1/2-1/2"]
[WhiteTitle "IM"]
[BlackTitle "WGM"]
[WhiteElo "2428"]
[BlackElo "2404"]
[WhiteFideId "7101554"]
[BlackFideId "7101570"]
[EventDate "2015.04.15"]

1. e4 e6 2. d4 d5 3. Nc3 Bb4 4. e5 c5 5. a3 Bxc3+ 6. bxc3 Qc7 7. Qg4 f6 8. Nf3
c4 9. h4 Nc6 10. Qg3 fxe5 11. Nxe5 Nf6 12. Be2 Ne4 13. Bh5+ g6 14. Bxg6+ hxg6
15. Qxg6+ Kf8 16. f3 Nxe5 17. Bh6+ Rxh6 18. Qxh6+ Qg7 19. Qxg7+ Kxg7 20. fxe4
Ng4 21. e5 Bd7 22. Ke2 Rg8 23. Raf1 Ba4 24. Rf4 Kh7 25. Rb1 Rg7 26. Kd2 b6 27.
Rbf1 Bxc2 28. Kxc2 Ne3+ 29. Kc1 Nxf1 30. Rxf1 Rxg2 31. Rf7+ Rg7 32. Rf6 Rg6 33.
Rf7+ Rg7 34. Rf6 Rg6 1/2-1/2

[Event "Japfa GM 2015"]
[Site "Jakarta INA"]
[Date "2015.04.22"]
[Round "11.2"]
[White "Gopal, G.N."]
[Black "Tiviakov, Sergei"]
[Result "1/2-1/2"]
[WhiteTitle "GM"]
[BlackTitle "GM"]
[WhiteElo "2575"]
[BlackElo "2662"]
[WhiteFideId "5015693"]
[BlackFideId "1008013"]
[EventDate "2015.04.15"]

1. e4 d5 2. exd5 Qxd5 3. Nc3 Qd6 4. d4 Nf6 5. Nf3 c6 6. h3 Bf5 7. Ne5 e6 8. g4
Bg6 9. h4 Nbd7 10. Nc4 Qc7 11. h5 Be4 12. Nxe4 Nxe4 13. Qf3 Nd6 14. Bf4 Nb6 15.
Ne3 O-O-O 16. O-O-O Nd5 17. Bg3 Nxe3 18. fxe3 Qa5 19. Kb1 Qd5 20. Bg2 Qxf3 21.
Bxf3 f6 22. b3 Nf7 23. c4 Bd6 24. Be1 Ng5 25. Bg2 e5 26. h6 g6 27. Rf1 exd4 28.
exd4 Rhe8 29. Ba5 Bc7 30. Bxc7 Kxc7 31. Rxf6 Rf8 32. Rxf8 Rxf8 33. d5 Rf4 34. c5
Rxg4 35. Rd2 cxd5 36. Bxd5 Ne4 37. Bxe4 Rxe4 38. Rf2 Rh4 39. Rf7+ Kc6 40. Rxh7
a6 1/2-1/2

[Event "Japfa GM 2015"]
[Site "Jakarta INA"]
[Date "2015.04.22"]
[Round "11.3"]
[White "L'Ami, Alina"]
[Black "Antonio, Rogelio Jr"]
[Result "0-1"]
[WhiteTitle "IM"]
[BlackTitle "GM"]
[WhiteElo "2393"]
[BlackElo "2504"]
[WhiteFideId "1210246"]
[BlackFideId "5200032"]
[EventDate "2015.04.15"]

1. d4 Nf6 2. c4 e6 3. Nc3 Bb4 4. Qc2 O-O 5. a3 Bxc3+ 6. Qxc3 b5 7. cxb5 c6 8.
Bg5 cxb5 9. e3 Bb7 10. Nf3 Nc6 11. Bxb5 Rc8 12. Bxc6 Bxc6 13. Qd2 Bb5 14. a4 Bc6
15. O-O Bxf3 16. gxf3 Ne4 17. fxe4 Qxg5+ 18. Kh1 f5 19. f4 Qh5 20. e5 Rc7 21.
Rac1 Rxc1 22. Rxc1 Qf3+ 23. Kg1 Rb8 24. b4 a6 25. Rc4 h5 26. a5 h4 27. Qf2 Qg4+
28. Qg2 Qd1+ 29. Qf1 Qd2 30. Qc1 Qe2 31. Rc2 Qf3 32. Rc8+ Rxc8 33. Qxc8+ Kh7 34.
Qxa6 Qxe3+ 35. Kh1 Qe4+ 36. Kg1 Qxd4+ 37. Kg2 Qe4+ 38. Kg1 Qe3+ 39. Kh1 Qf3+ 40.
Kg1 Qg4+ 41. Kh1 Qd1+ 42. Kg2 h3+ 43. Kf2 Qd4+ 44. Ke2 Qe4+ 45. Kd1 Qh1+ 46. Kc2
Qxh2+ 47. Kb3 Qg2 48. Qd3 h2 49. a6 h1=Q 50. b5 Qd5+ 0-1

[Event "Japfa GM 2015"]
[Site "Jakarta INA"]
[Date "2015.04.22"]
[Round "11.4"]
[White "Ali, Muhammad Lutfi"]
[Black "Milliet, Sophie"]
[Result "1-0"]
[WhiteTitle "FM"]
[BlackTitle "IM"]
[WhiteElo "2401"]
[BlackElo "2377"]
[WhiteFideId "7103743"]
[BlackFideId "623725"]
[EventDate "2015.04.15"]

1. e4 e5 2. Nf3 Nc6 3. Bc4 Nf6 4. d3 Bc5 5. O-O O-O 6. Re1 Ng4 7. Re2 Nd4 8.
Nxd4 Bxd4 9. h3 Nxf2 10. Rxf2 Bxf2+ 11. Kxf2 Kh8 12. Qh5 c6 13. Qxe5 d5 14. exd5
Re8 15. Qd4 Qe7 16. Be3 cxd5 17. Bxd5 Be6 18. c4 Bxd5 19. cxd5 Rad8 20. Nc3 Rd6
21. Re1 Qd8 22. Bf4 Rxe1 23. Kxe1 Rg6 24. Kf1 Rf6 25. Kg1 Qd7 26. Qxa7 h6 27.
Qb8+ Kh7 28. Qe5 Rb6 29. Qc7 1-0

[Event "Japfa GM 2015"]
[Site "Jakarta INA"]
[Date "2015.04.22"]
[Round "11.5"]
[White "Farid, Firman Syah"]
[Black "Nguyen, Anh Dung"]
[Result "1-0"]
[WhiteTitle "IM"]
[BlackTitle "GM"]
[WhiteElo "2422"]
[BlackElo "2461"]
[WhiteFideId "7102526"]
[BlackFideId "12400025"]
[EventDate "2015.04.15"]

1. d4 Nf6 2. c4 e6 3. Nc3 Bb4 4. e3 O-O 5. Bd3 c5 6. Nf3 d5 7. cxd5 exd5 8. O-O
c4 9. Bc2 Bg4 10. Ne2 Nc6 11. Ne5 Re8 12. Nxg4 Nxg4 13. Nf4 Nf6 14. b3 Bd6 15.
Qf3 b5 16. bxc4 bxc4 17. Bd2 Ne4 18. Be1 f5 19. Kh1 Bxf4 20. Qxf4 Qf6 21. h4 Re6
22. Rb1 h6 23. Rb5 Ne7 24. Rb8+ Rxb8 25. Qxb8+ Kh7 26. f3 Nd6 27. Bf2 Ng6 28. g3
Re7 29. Rb1 Nh8 30. Kg2 Nhf7 31. Qa8 Qe6 32. h5 Rc7 33. Rb8 c3 34. g4 Re7 35.
Rg8 Qf6 36. Rb8 Qe6 37. Rf8 Ne4 38. Qc8 Qxc8 39. Rxc8 Nfd6 40. Rc6 Nc4 41. fxe4
fxe4 42. Bb3 Rb7 43. Bxc4 Rb6 44. Bxd5 1-0